Skyrim Bijin Character Quiz - Statistics

General Stats
  • This quiz has been taken 5 times
  • The average score is 16 of 48
Answer Stats
Picture Answer % Correct
Aela the Huntress
100%
Sapphire
100%
Serana
100%
Brelyna Maryon
50%
Karliah
50%
Lydia
50%
Maven Black-Briar
50%
Mjoll the Lioness
50%
Vex
50%
Adelaisa Vendicci
25%
Adrianne Avenicci
25%
Annekke Crag-Jumper
25%
Aranea Ienith
25%
Beleval
25%
Borgakh the Steel Heart
25%
Camilla Valerius
25%
Carlotta Valentia
25%
Delphine
25%
Elisif the Fair
25%
Eola
25%
Frea
25%
Gerdur
25%
Grelka
25%
Hulda
25%
Idgrod the Younger
25%
Illia
25%
Ingjard
25%
Ingun Black-Briar
25%
Iona
25%
Irileth
25%
Jenassa
25%
Jordis the Sword-Maiden
25%
Legate Rikke
25%
Lisette
25%
Morwen
25%
Muiri
25%
Njada Stone-Arm
25%
Rayya
25%
Ria
25%
Senna
25%
Sylgja
25%
Taarie
25%
Temba Wide-Arm
25%
Tonilia
25%
Ugor
25%
Uthgerd the Unbroken
25%
Valerica
25%
Ysolda
25%
No matching quizzes found
Score Distribution
Percent of People with Each Score
Percentile by Number Answered
Your Score History
You have not taken this quiz